| 000 | 00795nam a22002057a 4500 | ||
|---|---|---|---|
| 999 |
_c12156 _d12156 |
||
| 003 | AR-CdUCM | ||
| 008 | 190408b ||||| |||| 00| 0 spa d | ||
| 040 |
_aMUNICIPALIDAD PROVINCIAL DEL CUSCO _cBIBLIOTECA MUNICIPAL DEL CUSCO |
||
| 082 |
_aC / 808.861 / _bI25 |
||
| 100 |
_aIberico, Francisco _929858 |
||
| 245 |
_aEn la capital de los incas o miscelanea cuzquense : _beditores, recortes, sueltos, discursos, poesías, instrucción, Jurisprudencia, etc. / |
||
| 260 |
_aCuzco : _bRozas, _c1926. |
||
| 300 |
_a331 páginas ; _c21 cm. |
||
| 505 | _aCuzco -- Política -- Sueltos y biografías -- Literatura -- Instrucción -- Jurisprudencia... | ||
| 650 |
_aPoesía. _9139 |
||
| 650 |
_aCusco. _9772 |
||
| 650 |
_aLiteratura cusqueña. _9164 |
||
| 942 |
_2ddc _cLIBROS |
||
| 945 |
_awfj _d2019-04-08 |
||